| 000 | 00422nam a22001697a 4500 | ||
|---|---|---|---|
| 003 | MACL | ||
| 005 | 20151226135822.0 | ||
| 008 | 151226b xxu||||| |||| 00| 0 eng d | ||
| 040 | _cMACL | ||
| 041 | _aEnglish | ||
| 082 | _a330/CHA | ||
| 100 |
_aMoosvi,Shireen _922866 |
||
| 245 | _aCapitalism Colonialism and Globalization | ||
| 260 |
_aNew Delhi _bTulika books _c2011 |
||
| 650 |
_aEconomics _922867 |
||
| 942 |
_2ddc _cBK |
||
| 999 |
_c51939 _d51939 |
||